Cities of the savannah : (Record no. 95802)
[ view plain ]
| 000 -LEADER | |
|---|---|
| fixed length control field | 00659nam a2200205 a 4500 |
| 008 - FIXED-LENGTH DATA ELEMENTS--GENERAL INFORMATION | |
| fixed length control field | |
| 049 ## - LOCAL HOLDINGS (OCLC) | |
| Holding library | MAIN |
| 090 ## - LOCALLY ASSIGNED LC-TYPE CALL NUMBER (OCLC); LOCAL CALL NUMBER (RLIN) | |
| Classification number (OCLC) (R) ; Classification number, CALL (RLIN) (NR) | DT515.57 |
| Local cutter number (OCLC) ; Book number/undivided call number, CALL (RLIN) | CIT |
| 003 - CONTROL NUMBER IDENTIFIER | |
| control field | |
| 005 - DATE AND TIME OF LATEST TRANSACTION | |
| control field | 20230120131036.0 |
| 040 ## - CATALOGING SOURCE | |
| Transcribing agency | NUST |
| 245 00 - TITLE STATEMENT | |
| Title | Cities of the savannah : |
| Statement of responsibility, etc. | a history of some towns and cities of the Nigerian savannah. |
| 260 ## - PUBLICATION, DISTRIBUTION, ETC. | |
| Place of publication, distribution, etc. | Lagos : |
| Name of publisher, distributor, etc. | Nigeria magazine, |
| Date of publication, distribution, etc. | 1982. |
| 300 ## - PHYSICAL DESCRIPTION | |
| Extent | 125 p., [4] p. of plates : |
| Other physical details | ill. (some col.) ; |
| Dimensions | 26 cm. |
| 650 #0 - SUBJECT ADDED ENTRY--TOPICAL TERM | |
| Topical term or geographic name entry element | Cities and towns |
| Geographic subdivision | Nigeria |
| General subdivision | History. |
| 651 #0 - SUBJECT ADDED ENTRY--GEOGRAPHIC NAME | |
| Geographic name | Nigeria |
| General subdivision | History, Local. |
| 700 ## - ADDED ENTRY--PERSONAL NAME | |
| Personal name | Ashiwaju, Garba. |
| 907 ## - LOCAL DATA ELEMENT G, LDG (RLIN) | |
| a | .b10276683 |
| b | 11-05-10 |
| c | 11-05-10 |
| 942 ## - ADDED ENTRY ELEMENTS (KOHA) | |
| Koha item type | Ordinary Loan Books |
| Call number prefix | DT515.57 |
| Call number suffix | CIT |
| Date last seen | Total Checkouts | Full call number | Barcode | Cost, replacement price | Price effective from | Koha item type | Lost status | Source of classification or shelving scheme | Damaged status | Not for loan | Collection | Withdrawn status | Home library | Current library | Shelving location | Date acquired | Cost, normal purchase price |
|---|---|---|---|---|---|---|---|---|---|---|---|---|---|---|---|---|---|
| 01/20/2023 | DT515.57 CIT | 92004013064 | 80.00 | 01/20/2023 | BOOKS | LCC | NFIC | FOBE | FOBE | GEN | 01/20/2023 | 80.00 |